00513 2200181 4500245004400000020002200044250001100066100001500077700002300092650002000115650001000135005001900145260005700164041001400221084000800235300007900243336000900322 aBegitu Saja Kok RepotcUmi KulsumhText a978-623-118-032-2 aCet. 1 aUmi Kulsum aAji Mei Supriyanto aFiksi Indonesia aEbook a20240828143709 aJakartabKementerian Pendidikan dan Kebudayaanc2023 aIndonesia a813 aMulish 10/14 pt., Vernon Adams, Open Font License. vii :c312 hlm., 20 cm. atext